| 000 | 02107nam0a2200409 4500 | ||
|---|---|---|---|
| 001 | RU\NLR\BIBL_A\016206170 | ||
| 005 | 20221124121913.0 | ||
| 010 |
_a978-5-00204-406-1 _9300 |
||
| 021 |
_aRU _bАЛ-П-22-00808и _9АЛ-П-22-0158 |
||
| 035 | _a(NLR Aleph) 016206170 | ||
| 035 | _a(RuMoRGB)011207079 | ||
| 090 |
_a12692529 _c12692529 |
||
| 100 | _a20221111d2022 u y0rusy50 ca | ||
| 101 | 0 | _arus | |
| 102 | _aRU | ||
| 105 | _aac t 000ay | ||
| 181 | 0 |
_ab3 _bbb2e |
|
| 181 | 0 |
_ai1 _baxxe |
|
| 182 | 0 | _an | |
| 200 | 1 |
_aСборы _eграфический роман _fВиктория Дроморецкая, Георгий Веролайнен _g[художник Виктория Дроморецкая] |
|
| 203 |
_aИзображение _aТекст _bвизуальные _cнепосредственные |
||
| 210 |
_aМосква _cПеро _d2022 |
||
| 215 |
_a[59] с. _cил., цв. ил., портр. _d24 |
||
| 300 | _aОписано по обл. | ||
| 330 | _aНезримый гость наблюдает за сборами семьи во время переезда. Незримый никому, кроме маленькой девочки, с которой гость не сводит глаз. Девочка пытается найти защиту среди членов семьи, но никто не воспринимает ее страх всерьез. И вообще, не собирается забирать ее с собой. Для тех, кто любит истории о призраках, "Сборы" станут настоящим праздником! | ||
| 333 | _a16+ | ||
| 675 |
_a821.161.1-3 _v4 |
||
| 686 | 0 | _aЩ153(2Р=Рус)8-475 | |
| 686 | 2 | _aШ6(2=Р)8-499Веролайнен | |
| 700 | 1 |
_aДроморецкая _bВ. _gВиктория |
|
| 701 | 1 |
_aВеролайнен _bГ. _gГеоргий |
|
| 702 | 1 |
_aДроморецкая _bВ. _gВиктория _4040 |
|
| 942 | _cBOOK | ||
| 980 | _aNB | ||